000 00543nam a2200169 a 4500
005 20200104041524.0
008 140121b2000 ck ||||| |||| 00| 0 spa d
041 _aspa
044 _ack
090 _aIAVH
_b00158
100 _aCalderón Sáez, Eduardo
_91494
110 _bInstituto de Investigación de Recursos Biológicos Alexander von Humboldt
_9204
245 _aFichas preliminares de plantas colombianas en peligro, extintas o en duda
260 _aCali
_bInstituto Alexander von Humboldt
_c2000
300 _a.
942 _2z
_cCD-ROM
_01
999 _c1800
_d1800